000 00622nam a22001937a 4500
003 OSt
005 20180515081652.0
008 180321b xxu||||| |||| 00| 0 spa d
020 _a9505723016
040 _cPJ
100 _aConforti, Benedetto
_9608
245 _aDerecho internacional /
_cBenedetto Conforti; edición en español revisada y anotada por Raúl E. Vinuesa.
260 _aBuenos Aires :
_bZavalía,
_c1995.
300 _a588 p.
_c23 cm.
504 _aBibliografía: p. 521-566.
650 0 _9495
_aDERECHO INTERNACIONAL
700 _9600
_aVinuesa, Raúl Emilio
942 _2udc
_cLIB
_h341.01
_iCON
999 _c464
_d464